000 02531nam a2200361 i 4500
001 193985
003 ES-MaACL
005 20250711063122.0
008 240115s2016 sp | |||| 000 0 spa
015 _aMON16
017 _aM 36035-2016
_bOficina Depósito Legal Madrid
020 _a9788499464534
035 _a(OCoLC)1018112951
040 _aSpMaBN
_bspa
_cSpMaBN
_erdc
080 _a821.134.2-31"19"
100 _aRuiz de Linares, Ernesto,
_d1954-
_0XX1726707
_9235445
_eaut
245 1 0 _aHombre cero /
_cErnesto Ruiz de Linares.
250 _a1ª ed.
260 _aMadrid :
_bEdición Personal,
_c2016
300 _a238 p. ;
_c21 cm
336 _aTexto (visual)
_2isbdcontent
337 _asin mediación
_2isbdmedia
338 _2rdacarrier
_avolumen
520 _aEs una obra que carga a sus espaldas toda una tradición de novelas de ciencia ficción y distopías futuristas, con un toque de amor, erotismo y mucho de ensayo narrativo en el que se trata de poner de manifiesto el empobrecimiento humanístico del hombre de hoy. Una pesimista pero realista visión de la humanidad que transporta al lector a una sociedad futura en el año 2060. El doctor Donci es contratado por el Nuevo Orden Mundial (NOM) como director de la unidad genetista más prestigiosa y peligrosa. A través de él, conoceremos la alienación del ser humano provocada por él mismo, con apoyo de la tecnología, siempre eficaz y aséptica, sirviendo de herramienta para la sociedad futura, y la irónica forma de presentar esta nueva sociedad. Todo «Top Secret», of course. Donci es el encargado de dirigir la sección que acabará de arrebatarle al ser humano lo poco que de su esencia mantiene. Y cuando está todo planificado, decide huir y dejar que la sociedad se hunda tras él. Si quieres saber en qué consiste y cómo puede fabricarse un hombre cero, reflejo de una sociedad que aún no se ha ido, puedes encontrarte y encontrarlo entre estas páginas.
655 0 _aNovelas distópicas
_2tgfbne
_9235537
852 _aES-MaACL
_bR.154973
_cDEPOJ
_jN-9779
_xEncuadernación rústica con solapas
_gDedicatoria autógrafa del autor
_hDonación: Ernesto Ruíz de LInares
_9205508
903 _9235445
_aRuiz de Linares, Ernesto,
_d1954-
_ednr
942 _cMONOGRAFIA
_n0
999 _c193985
_d193985